| 000 | 00445nam a2200169Ia 4500 | ||
|---|---|---|---|
| 008 | 230524s9999 xx 000 0 und d | ||
| 082 |
_a536.7 _bSEA |
||
| 100 | _aFrancis W.Sears | ||
| 245 | 0 | _a"Thermodynamics,Kinetic Theory and Statistical Thermodynamics" | |
| 250 | _a3RD | ||
| 260 |
_aNEW DELHI _bNarosa _c1998 |
||
| 300 | _aXII;445 | ||
| 500 | _aQuantity Number: 2 | ||
| 650 | _aThermodynamics | ||
| 700 | _aG.L.Salinger | ||
| 942 | _cBK | ||
| 999 |
_c33181 _d33181 |
||